000 00633nam a2200229Ia 4500
003 OSt
005 20220925191405.0
006 a|||||r|||| 00| 0
007 ta
008 220923b |||||||| |||| 00| 0 eng d
037 _cGeneral Book
040 _aRTL
_cRTL
_beng
041 _2eng
_aeng
082 _aX:8, M6
100 _aBanhrjee Mrityunjoy
_9241834
245 0 _aGems of management
_b A book of readings
260 _aBombay
_bJaico Publishing India
_c1986
300 _a271p.
_ccm.
650 _aManagment
_9241835
942 _hX:8, M6
_cGB
_2CC
999 _c518236
_d518236